000 00669nam a2200241 i 4500
001 C2-0083980
003 PPAK
005 20180727085740.0
008 970429s1982 iaua|||| ||||| | eng d
020 _a0696003449
040 _aPPAK
_beng
_cPPAK
_erda
082 0 4 _a610
_223
090 0 0 _a610
_bNEW
_dR
245 0 0 _aNew family medical guide
250 _aKiester, Edwin
264 1 _aDes Moines, Iowa :
_bMeredith Corporation ,
_c1982
300 _a896 pages :
_billustrations ;
_c29 cm
336 _2rdacontent
_atext
337 _2rdamedia
_aunmediated
338 _2rdacarrier
_avolume
650 1 0 _aFamily health maintenance demonstration
942 _ddc
_cB
999 _c16199
_d16199